000 00361nam a2200145Ia 4500
999 _c10792
_d10792
008 191201s2011 xx 000 0 und d
082 _a346.065
_bSIB
100 _aSINGH, Avtar
245 0 _aBusiness Law
250 _a11th
260 _aNew Delhi
_bEBC Explorer
_c2020
300 _a963
650 _aB Com
942 _2ddc
_cBK
_05